1026 1472 1922 1424 1587 1416 1074 1328 1551 1259 1052 1670 1964 1101 1331 1157 1104 1233 1054 1823 1618 1626 1444 1287 1398 1199 1882 1633 1295 1634 1815 1984 1420 1944 1874 1117 1004 1183 1697 1445 1017 1545 1514 1746 1911 1435 1169 1644 1636 1065 1354 1001 1926 1809 1656 1716 1898 1574 1438 1220 1698 1075 1074 1458 1307 1220 1705 1020 1406 1252 1082 1735 1229 1391 1628 1017 1267 1193 1812 1052 1173 1781 1493 1509 1631 1961 1729 1693 1004 1626 1695 1958 1736 1303 1803 1667 1627 1855 1249 BCNSPRNW ULIB Ver.6.0+V

เปลี่ยนเป็นภาษาไทย

Change to English
 แสดงรายละเอียดบรรณานุกรม
  กลับหน้าหลัก

Brief Record : Get Marc (ISO 2709) : E-mail record : QR code < ปิดหน้าต่าง
LEADER : 00000nam 2200000uu 4500
001    13399113401
003     ULIB
008    111110s2543||||th 000 0 tha d
020    9747798468
060 04 W^bป396ท 2543
245 00 ทางเลือกของผู้ป่วย :^bรวมข้อคิดจากมุมมองของผู้ป่วย แพทย์เภสัช พยาบาล เพื่อการพัฒนาระบบการรักษาผู้ป่วย /^cประสาน ต่างใจ, บรรณาธิการวิชาการ ; ธนพรรณ สิทธิสุนทร, บรรณาธิการเรื่อง
246 30 ทางเลือกของผู้ป่วย
260    กรุงเทพฯ :^bโครงการจัดพิมพ์คบไฟ,^c2543
300    157 หน้า ;^c21 ซม.
650  7 ผู้ป่วย^xสิทธิของพลเมือง
650  7 ผู้ป่วย, สิทธิ
650  7 ผู้ป่วย, การจัดการดูแล
650  7 สุขภาพจิต
700 0  ประสาน ต่างใจ,^eบรรณาธิการ
700 0  ธนพรรณ สิทธิสุนทร,^eบรรณาธิการ
995    กัณชพร
999    ^aใช้งานได้ทุกระบบ
รายการนี้ยังไม่มีแท็ก
คุณยังไม่ได้ล็อกอิน คุณสามารถมีกิจกรรมร่วมกับเว็บไซต์ได้ แต่ต้องล็อกอินก่อน ::
  ล็อกอิน

รายการสื่อสารสนเทศ

ลำดับที่ ประเภท เลขเรียก/บาร์โค้ด สถานที่ สถานะ
- ไม่พบข้อมูล -

รายการใกล้เคียง
    หัวเรื่อง [ผู้ป่วย, สิทธิ]
    หัวเรื่อง [ผู้ป่วย, การจัดการดูแล]
    หัวเรื่อง [สุขภาพจิต]

BibComment


ยังไม่เคยถูกคอมเมนท์

คอมเมนท์ทรัพยากรรายการนี้
  คอมเมนท์: ทางเลือกของผู้ป่ว..


 Copyright 2026. Bcnsprnw @Library